Krátky sprievodca Európskym dohovorom o ľudských právach

Saved in:
Bibliographic Details
Main Author: Gomien, Donna
Other Authors: Svák, Ján, Fico, Róbert
Format: Book
Language:Slovak
Published: Bratislava Ister Science Press 1994
Edition:2. aktualizované vyd.
Subjects:
Tags: Add Tag
No Tags, Be the first to tag this record!

MARC

LEADER 00000nam a2200000 4500
001 c009498
005 20251009090300.9
020 |a 80-88683-02-5 
041 0 |a slo 
044 |a SK 
245 1 0 |a Krátky sprievodca Európskym dohovorom o ľudských právach  |c Donna Gomien ; [Z angl. prel. Róbert Fico, Ján Svák] 
250 |a 2. aktualizované vyd. 
264 1 |a Bratislava  |b Ister Science Press  |c 1994 
300 |a 125 s. 
610 2 0 |a práva ľudské 
610 2 0 |a právo medzinárodné 
610 2 0 |a ochrana práv občanov 
610 2 0 |a náboženstvo 
610 2 0 |a sloboda 
610 2 0 |a dohody medzinárodné 
610 2 0 |a Rada Európy 
610 2 0 |a Európa 
100 1 |a Gomien, Donna 
700 1 |a Svák, Ján 
700 1 |a Fico, Róbert